[Event "RUS Rapid GP Top 16 2018"]
[Site "Khanty-Mansiysk"]
[Date "2018.12.01"]
[Round "1"]
[White "Kokarev, Dmitry"]
[Black "Yudin, Sergei"]
[Result "1-0"]
[WhiteElo "2698"]
[BlackElo "2643"]
[Annotator "TA"]
[PlyCount "57"]
[EventDate "2018.12.01"]
[EventType "swiss"]
[EventCountry "RUS"]
[SourceTitle "playchess.com"]
[Source "ChessBase"]
[SourceQuality "1"]

{[%evp 16,57,22,24,20,29,20,22,22,13,33,34,33,28,51,36,30,5,62,-14,22,-11,35,18,43,40,64,53,46,48,56,46,98,71,69,79,70,76,86,83,581,0,572,562]} 1. e4 d6 2. g3 e5 3. Bg2 g6 4. Ne2 Bg7 5. d4 exd4 (5... Nf6 6. Nbc3 O-O 7. O-O c6 8. a4 a5 9. h3 Na6 10. Be3 Nb4 11. Qd2 Be6 12. Rad1 Qc8 13. Kh2 d5 14. exd5 Nfxd5 15. Nxd5 Bxd5 16. c3 Bxg2 17. Kxg2 Nd5 18. Bh6 Bxh6 19. Qxh6 Qf5 20. dxe5 Qe4+ 21. Kg1 Qxe2 22. Rfe1 Qxb2 23. Re4 Qc2 24. Rde1 f5 {0-1 (24) Stupak,K (2526)-Motylev,A (2677) Warsaw 2012}) 6. Nxd4 {A00: Irregular Openings} Nc6 7. Ne2 Nge7 8. Nbc3 O-O 9. O-O {LiveBook: 3 Games} h6 $146 ({Predecessor:} 9... f5 10. Nf4 Ne5 11. Nfd5 c6 12. Nxe7+ Qxe7 13. f4 Ng4 {1-0 (35) Warakomski,T (2476)-Sabuk,P (2346) Poronin 2014}) 10. Nf4 Rb8 11. a4 a6 12. a5 Ne5 13. Nfd5 Nxd5 14. Nxd5 f5 15. exf5 Bxf5 16. h3 Qd7 (16... c6 $11 17. Ne3 d5) 17. Kh2 ({White should play} 17. g4 $14 Be6 18. f4) 17... Rbe8 18. Ra2 Kh7 19. b3 Nc6 20. Ra4 Ne7 21. Nf4 Qc8 22. Re1 Bc3 23. Re2 g5 (23... Be5 $14) 24. Nd5 (24. g4 {keeps more tension.} gxf4 25. gxf5 c6 26. Qxd6 Nxf5 27. Rxe8 Nxd6 28. Rxc8 Nxc8 29. Bxf4 Ne7 30. Be3) 24... Nxd5 25. Rxe8 $1 Qxe8 26. Qxd5 c6 27. Qxd6 Bxc2 $2 {[%mdl 8192] [#]} (27... Rf7 $16) 28. Be3 $2 (28. Qc5 $1 $18) 28... Qf7 $2 {[%mdl 8192]} (28... Bg6 $11 {and Black is okay.}) 29. Rc4 {Accuracy: White = 51%, Black = 19%.} 1-0

[Event "RUS Rapid GP Top 16 2018"]
[Site "Khanty-Mansiysk"]
[Date "2018.12.01"]
[Round "1"]
[White "Morozevich, Alexander"]
[Black "Kabanov, Nikolai"]
[Result "1-0"]
[WhiteElo "2696"]
[BlackElo "2403"]
[Annotator "TA"]
[PlyCount "41"]
[EventDate "2018.12.01"]
[EventType "swiss"]
[EventCountry "RUS"]
[SourceTitle "playchess.com"]
[Source "ChessBase"]
[SourceQuality "1"]

{[%evp 16,41,19,18,45,63,70,31,72,53,59,58,169,171,177,168,368,335,437,434,502,504,631,620,888,879,826,744]} 1. e4 c5 2. Nf3 d6 3. d4 cxd4 4. Nxd4 Nf6 5. Nc3 Nc6 6. Bc4 e6 7. Be3 a6 8. Bb3 Bd7 9. f4 {LiveBook: 23 Games} Rc8 {B88: Sicilian: Sozin Attack} (9... Be7 10. Qf3 Rc8 11. O-O-O Qa5 12. g4 Nxd4 13. Rxd4 Rxc3 14. bxc3 Bc6 15. Rhd1 d5 16. exd5 Qxc3 17. R1d3 Qa1+ {1-0 (27) Brenjo,S (2416)-Sedlak,N (2537) Niksic 2016}) 10. Qf3 Qc7 11. O-O-O Na5 {[#]White is slightly better.} 12. g4 $1 {[%cal Bg2g4,Bg4g5][%mdl 32]} Nxb3+ 13. axb3 Bc6 $146 (13... b5 $1 $14) ({Predecessor:} 13... e5 14. Nf5 b5 15. Rd2 h5 16. g5 Ng4 17. h3 {1-0 (28) Gross,D (2365)-Bindrich,O (2175) Munich 1996}) 14. g5 $18 Nd7 15. Qh3 $36 {[%mdl 2048] Black is under strong pressure.} g6 $2 {[#]} (15... e5) 16. f5 exf5 17. Nxc6 {White is clearly winning.} bxc6 18. exf5 gxf5 19. Qxf5 Bg7 20. Ne4 Be5 21. Rhf1 {Accuracy: White = 68%, Black = 13%.} 1-0

[Event "RUS Rapid GP Top 16 2018"]
[Site "Khanty-Mansiysk"]
[Date "2018.12.01"]
[Round "1"]
[White "Bocharov, Dmitry"]
[Black "Shuvalova, Polina"]
[Result "1-0"]
[WhiteElo "2684"]
[BlackElo "2411"]
[Annotator "TA"]
[PlyCount "87"]
[EventDate "2018.12.01"]
[EventType "swiss"]
[EventCountry "RUS"]
[SourceTitle "playchess.com"]
[Source "ChessBase"]
[SourceQuality "1"]

{[%evp 18,87,2,0,12,9,29,20,25,0,14,0,0,8,22,-5,-8,-29,-20,-47,-13,-12,0,0,0,0,0,0,0,0,0,-14,-22,-12,-7,-12,45,19,41,45,45,43,52,36,74,27,119,106,133,142,154,150,135,147,141,82,543,530,707,729,941,1059,1286,1231,1629,1591,857,1703,6041,5609,29989,29989]} 1. c4 e6 2. Nf3 d5 3. e3 Nf6 4. b3 Be7 5. Bb2 O-O 6. Nc3 b6 7. cxd5 {A13: English Opening: 1...e6} exd5 (7... Nxd5 8. Nxd5 exd5 9. Qc2 c5 10. a3 Nc6 11. Bb5 Bb7 12. O-O Rc8 13. Rac1 a6 14. Be2 d4 {½-½ (36) Carlsen,M (2843)-Karjakin,S (2782) Stavanger 2018}) 8. d4 Bb7 9. g3 Nbd7 10. Bg2 {LiveBook: 3 Games} Bd6 11. O-O a6 12. Rc1 Re8 13. Ne2 $146 ({Predecessor:} 13. Qc2 Qe7 14. Ne2 c6 {½-½ (67) Lenderman,A (2600)-Yilmaz,M (2619) Reykjavik 2018}) 13... Rc8 14. Rc2 Qe7 15. Nf4 Ne4 16. Qa1 a5 17. Rfc1 f6 18. Rd1 Nf8 19. Qc1 g5 20. Ne2 Ng6 21. Nc3 Nxc3 22. Rxc3 h5 23. Nd2 h4 24. Nc4 Bb4 25. Rc2 Qd7 26. Ba3 Kg7 (26... Bxa3 $11 27. Nxa3 Kg7) 27. Bxb4 $14 axb4 28. Nb2 $1 Ba6 29. Qd2 Qd6 30. Rdc1 {Black must now prevent Bh3.} hxg3 31. hxg3 {Threatens to win with Bh3.} c6 {[#]} (31... Ne7 $11 {keeps the balance.}) 32. Na4 $1 $16 {[%cal Ra4b6]} Bb5 33. Nxb6 Rb8 34. Na4 Ne7 35. Nc5 $36 {[%mdl 2048] White is in control.} Nf5 36. Na6 ({Don't take} 36. Qxb4 $6 Bd3 $14) ({White should play} 36. Bf3) 36... Ra8 $2 {[%mdl 8192] [#]} (36... Nxe3 $16 {is tougher.} 37. fxe3 Qxg3) 37. Nxb4 $18 Rh8 {intending ...Nxg3.} 38. a4 {[%cal Ba2a4,Ba4b5][%mdl 32]} Nxg3 39. fxg3 Qxg3 40. axb5 Rae8 41. Qf2 Qh2+ 42. Kf1 g4 43. Rxc6 Qh6 44. Nxd5 {Precision: White = 54%, Black = 44%.} 1-0

[Event "RUS Rapid GP Top 16 2018"]
[Site "Khanty-Mansiysk"]
[Date "2018.12.01"]
[Round "1"]
[White "Ponkratov, Pavel"]
[Black "Sjugirov, Sanan"]
[Result "1/2-1/2"]
[WhiteElo "2658"]
[BlackElo "2722"]
[Annotator "TA"]
[PlyCount "14"]
[EventDate "2018.12.01"]
[EventType "swiss"]
[EventCountry "RUS"]
[SourceTitle "playchess.com"]
[Source "ChessBase"]
[SourceQuality "1"]

{[%evp 11,14,13,20,-21,-34]} 1. c4 g6 2. e4 e5 {[%cal Be7e5,Be5d4,Bd4d3][%mdl 32]} 3. d4 Nf6 4. Nf3 exd4 5. e5 Bb4+ 6. Bd2 {A10: English Opening: Unusual Replies for Black} Qe7 {LiveBook: 9 Games} 7. Qe2 $146 ({Predecessor:} 7. Bxb4 Qxb4+ 8. Qd2 Qxd2+ 9. Nbxd2 Nh5 10. Nxd4 Nc6 11. N2f3 b6 12. Nb5 {1-0 (53) Radjabov,T (2741)-Li,C (2741) Palma de Mallorca 2017}) 7... d3 1/2-1/2

[Event "RUS Rapid GP Top 16 2018"]
[Site "Khanty-Mansiysk"]
[Date "2018.12.01"]
[Round "1"]
[White "Pridorozhni, Aleksei"]
[Black "Chigaev, Maksim"]
[Result "1/2-1/2"]
[WhiteElo "2631"]
[BlackElo "2671"]
[Annotator "TA"]
[PlyCount "71"]
[EventDate "2018.12.01"]
[EventType "swiss"]
[EventCountry "RUS"]
[SourceTitle "playchess.com"]
[Source "ChessBase"]
[SourceQuality "1"]

{[%evp 19,71,19,23,12,28,0,0,-8,0,0,0,0,0,-13,2,25,0,0,0,0,0,0,0,-12,-18,-21,-21,-35,-12,-15,-9,-19,-25,-13,-13,-12,-9,-31,-16,-66,-57,-56,-18,-18,-18,-18,-18,-18,0,0,0,0,0,0]} 1. e4 c5 2. Nf3 e6 3. d4 cxd4 4. Nxd4 Nc6 5. Nc3 Qc7 6. Qd3 {B47: Sicilian: Taimanov: 5 Nc3 Qc7 6 f4, 6 g3 and 6 Be2} (6. g3 a6 7. Bg2 Nf6 8. O-O Be7 9. Re1 O-O 10. Nxc6 dxc6 11. e5 Rd8 12. Qf3 Nd5 13. h4 Nxc3 14. Qxc3 Bd7 15. Be3 c5 16. Rad1 Rac8 17. h5 Bc6 18. Rxd8+ Qxd8 19. Qc4 b5 20. Qf1 Bxg2 21. Qxg2 Qd5 22. Qxd5 exd5 {½-½ (44) Saric,I (2690)-Adhiban,B (2671) Linares 2018}) 6... Nf6 7. Ndb5 Qb8 8. Qg3 d6 9. Be3 a6 10. Nd4 Bd7 {LiveBook: 19 Games} 11. Be2 b5 12. Bd3 $146 ({Predecessor:} 12. f3 b4 13. Nxc6 Bxc6 {½-½ (50) Triapishko,O (2513)-Pogosyan,S (2359) Voronezh 2018}) 12... g6 13. Qh4 Be7 {Hoping for ...Nxd4.} 14. Nxc6 Bxc6 15. Bg5 Qd8 16. a3 Nd7 (16... h6 {looks sharper.} 17. Qh3 Kf8 18. Bd2 d5 19. exd5 Nxd5 20. O-O-O Kg7) 17. Bxe7 Qxe7 18. Qg3 e5 19. O-O O-O 20. Rad1 Nc5 21. f4 exf4 22. Qxf4 Qe5 23. g3 Rac8 24. Qxe5 dxe5 25. Kf2 Rfd8 26. Ke3 Kf8 27. Be2 Ke7 28. Bg4 Rb8 29. h4 h5 30. Bh3 Na4 (30... a5 {seems wilder.} 31. b3 f6 32. Bg2 Ne6 33. Ne2 a4) 31. Rxd8 {The position is equal.} Rxd8 32. Nxa4 bxa4 33. Bg2 f5 34. Bf3 Bxe4 35. Bxe4 fxe4 36. Kxe4 {Accuracy: White = 53%, Black = 67%.} 1/2-1/2

[Event "RUS Rapid GP Top 16 2018"]
[Site "Khanty-Mansiysk"]
[Date "2018.12.01"]
[Round "1"]
[White "Sarana, Alexey"]
[Black "Kryakvin, Dmitry"]
[Result "1/2-1/2"]
[WhiteElo "2617"]
[BlackElo "2529"]
[Annotator "TA"]
[PlyCount "28"]
[EventDate "2018.12.01"]
[EventType "swiss"]
[EventCountry "RUS"]
[SourceTitle "playchess.com"]
[Source "ChessBase"]
[SourceQuality "1"]

{[%evp 19,28,20,25,17,16,-31,-27,-19,-19,-180,-93]} 1. d4 $146 Nf6 2. c4 e6 3. Nc3 Bb4 4. Qc2 O-O 5. Nf3 d5 6. Bg5 h6 {E32: Nimzo-Indian: Classical (4 Qc2): 4...0-0} 7. Bxf6 Qxf6 8. a3 Bxc3+ 9. Qxc3 dxc4 10. Qxc4 Nc6 {LiveBook: 11 Games} 11. Rd1 Rd8 12. e4 e5 {...Bg4 is the strong threat.} 13. d5 Bg4 14. dxc6 $2 {[#]} (14. Rd3 $11 {and White is okay.} Ne7 15. Qxc7) 14... Bxf3 (14... Rxd1+ $19 15. Kxd1 Bxf3+ 16. Kc1 Qf4+ 17. Kb1 Qxe4+ 18. Bd3 Qxc4 19. Bxc4 Bxc6) 1/2-1/2

[Event "RUS Rapid GP Top 16 2018"]
[Site "Khanty-Mansiysk"]
[Date "2018.12.01"]
[Round "1"]
[White "Demidov, Mikhail"]
[Black "Iljiushenok, Ilia"]
[Result "0-1"]
[WhiteElo "2586"]
[BlackElo "2607"]
[Annotator "TA"]
[PlyCount "100"]
[EventDate "2018.12.01"]
[EventType "swiss"]
[EventCountry "RUS"]
[SourceTitle "playchess.com"]
[Source "ChessBase"]
[SourceQuality "1"]

{[%evp 21,100,23,23,0,0,0,-16,-5,8,10,16,25,16,-17,-20,-21,0,0,0,0,0,0,0,0,0,0,2,0,0,0,0,0,0,0,0,0,0,0,0,0,0,-38,-9,-21,-12,-158,-73,-390,-378,-950,-2397,-950,-950,-837,-823,-1533,-823,-823,-823,-803,-792,-789,-717,-2245,-1575,-1531,-1443,-1246,-823,-6070,-5406,-1954,-823,-29980,-29981,-29981,-29982,-29986,-29987,-29987,-29988]} 1. Nf3 Nf6 2. d4 g6 3. Bf4 Bg7 4. e3 d6 5. Be2 O-O 6. O-O c5 7. c3 {A48: 1 d4 Nf6 2 Nf3 g6: Torre, London and Colle Systems} (7. h3 b6 8. Nbd2 Bb7 9. c3 Nbd7 10. a4 a6 11. Bd3 cxd4 12. exd4 e5 13. dxe5 dxe5 14. Bxe5 Nxe5 15. Nxe5 Nh5 16. Ndf3 Bxe5 17. Nxe5 Bxg2 18. Bxg6 Nf4 19. Bxf7+ Rxf7 20. Nxf7 Kxf7 21. Qxd8 Rxd8 {0-1 (50) Karjakin,S (2773)-Grischuk,A (2766) Saint Louis 2018}) 7... Nh5 {[%cal Bf6h5,Bh5f4,Bf4e2][%mdl 32]} 8. Bg5 h6 9. Bh4 g5 10. Nfd2 cxd4 11. cxd4 Nf4 {LiveBook: 4 Games} 12. Bg3 $146 ({Predecessor:} 12. exf4 gxh4 13. Nf3 Qb6 14. Nc3 Qxb2 {1-0 (52) Usmanov,V (2467)-Teterev,V (2504) St Petersburg 2017}) 12... Nxe2+ 13. Qxe2 Nc6 {[%cal Bb8c6,Bc6e7,Be7f5,Bf5d4][%mdl 32]} 14. Nc3 e5 15. d5 Ne7 16. e4 f5 {Threatens to win with ...f4.} 17. exf5 Nxf5 18. Nde4 a6 19. f3 Nd4 20. Qd2 Bf5 21. Ne2 Qb6 22. Bf2 g4 23. Nxd4 exd4 24. Rfd1 {[%cal Rf2d4]} gxf3 25. gxf3 Rac8 26. Kh1 {Strongly threatening Rg1.} Bxe4 27. fxe4 Kh7 28. Rg1 Be5 29. Rg4 {And now Rag1 would win.} Rg8 30. Rxg8 Rxg8 31. Rd1 {[%cal Rf2d4]} Qb5 32. b3 Qd7 33. Qd3 (33. Qe2 $1 $11 {was the only way to keep the balance.}) 33... Qf7 $40 {[%mdl 128] Black is out for blood.} (33... Qg4 $142 {[%csl Gg8][%cal Rg4g2]} 34. Rg1 Qh5) 34. Rf1 $2 {[%mdl 8192] [#]} (34. Qe2 $17) 34... Qh5 $1 $19 {[%csl Ge5][%cal Rh5h2]} 35. h3 $2 {[#]} (35. h4 Qg4 36. Rg1) 35... Bg3 $1 {[%mdl 512]} 36. e5+ (36. Bxg3 Qxh3+) 36... Kh8 37. Kg2 Bf4+ 38. Kh1 {[#]} Rg3 $1 {[%mdl 576] Decoy} 39. Bxg3 Qxh3+ {[%mdl 64] Double Attack} 40. Kg1 Be3+ 41. Qxe3 dxe3 {[%mdl 4096] Endgame KQ-KRB} 42. Bh2 Qg4+ 43. Kh1 Qe4+ 44. Kg1 dxe5 45. d6 Qg6+ 46. Kh1 Qxd6 (46... Kh7 $142 47. Rf3 e2) 47. Re1 Qc6+ {Black mates.} 48. Kg1 Qg6+ 49. Kh1 Qe4+ 50. Kg1 Qg4+ {Accuracy: White = 42%, Black = 59%.} 0-1

[Event "RUS Rapid GP Top 16 2018"]
[Site "Khanty-Mansiysk"]
[Date "2018.12.01"]
[Round "1"]
[White "Maltsevskaya, Aleksandra"]
[Black "Maletina, Tatiana"]
[Result "0-1"]
[WhiteElo "2247"]
[BlackElo "2239"]
[Annotator "TA"]
[PlyCount "84"]
[EventDate "2018.12.01"]
[EventType "swiss"]
[EventCountry "RUS"]
[SourceTitle "playchess.com"]
[Source "ChessBase"]
[SourceQuality "1"]

{[%evp 19,84,0,0,0,-14,-66,-52,-64,-54,-229,-156,-215,-221,-239,-158,-140,-142,-149,-152,-131,-137,-152,-112,-106,0,0,0,0,59,53,95,-202,-43,-63,-54,-60,-43,-68,-36,-145,-161,-258,-283,-419,-429,-550,-570,-1038,-1054,-1058,-1089,-1183,-1120,-1380,-1350,-2885,-2755,-2481,-2435,-3110,-2332,-3458,-1778,-2985,-1641,-5936,-5337]} 1. c4 f5 2. Nf3 Nf6 3. g3 d6 4. d4 g6 5. Bg2 Bg7 6. O-O O-O 7. Nc3 c6 8. d5 e5 9. dxe6 Bxe6 10. Qb3 {A88: Dutch Defence: Leningrad System: 5 Nf3 0-0 6 0-0 d6 7 Nc3 c6} (10. Qd3 Nbd7 11. Bf4 d5 12. Ng5 dxc4 13. Qd6 Bf7 14. Ne6 Bxe6 15. Qxe6+ Kh8 16. Qxc4 Re8 17. Rad1 Qa5 18. b4 Qb6 {1-0 (35) Harikrishna,P (2727)-Mamedyarov,S (2765) Beijing 2014}) 10... b5 {LiveBook: 5 Games} 11. Nd4 Bxc4 12. Qd1 ({White should play} 12. Qc2 $11) 12... b4 $15 13. Na4 Ne4 14. Nc2 $146 (14. Qc2 $15 Bd5 15. Rd1) ({Predecessor:} 14. Qc2 Bd5 15. Rd1 Re8 16. Rb1 Qd7 17. b3 Na6 {½-½ (41) Do,T-Nguyen,P (2070) Ho Chi Minh City 2013}) 14... a5 15. Bf4 (15. Be3 $17 Nd7 16. Bxe4 fxe4 17. Qxd6) 15... Bb5 $1 $19 {[%cal Rb5a4]} 16. Ne3 Bxa4 17. Qxa4 g5 $1 {[%cal Rg5f4]} 18. Nxf5 Nc5 19. Qc2 gxf4 20. Rad1 Be5 21. gxf4 Bxf4 (21... Qf6 $17 22. fxe5 Qxf5 23. Qxf5 Rxf5 24. Rxd6 Rxe5 25. Rd8+ Kf7) 22. Qc4+ $11 {[%mdl 64] Double Attack} d5 $1 {[%cal Rd5c4]} 23. Qxf4 Ne6 (23... Qf6 $11 24. Qd4 Nbd7 25. Qxf6 Rxf6) 24. Qg3+ Kh8 $1 25. Nh6 $2 {[%mdl 8192] [#]} (25. e4 $16 {stays on course.}) 25... Nd7 $2 (25... Nf4 $1 $19 {[%cal Rf4e2]} 26. Bf3 Ra7) 26. Kh1 Qf6 $36 {[%mdl 2048] Black fights for an advantage.} 27. Ng4 Qxb2 28. Qd6 Qxe2 29. Ne3 (29. h3 $15 Ndc5 30. Rfe1 Qxa2 31. Rxe6 Nxe6 32. Qxe6) 29... Ndc5 $17 30. Qe5+ {[#]} (30. Qxc6 {keeps fighting.} d4 31. Qd6 dxe3 32. Bxa8 Rxa8 33. Qe5+ Ng7 34. fxe3) 30... Ng7 $1 $19 31. Rde1 (31. Rfe1 {was the only defense.} Qxa2 32. Qd6) 31... Qxa2 {And now ...Nd3 would win.} 32. Qg3 {Black is clearly winning.} Nd3 33. Ng4 Nxe1 34. Rxe1 Rae8 35. Rf1 Qc2 36. Qc7 b3 {[%cal Bb4b3,Bb3b2][%mdl 32]} 37. Ne5 {[#]} Rxe5 $1 {[%mdl 64] Promotion} 38. Qxe5 b2 39. Qe1 a4 40. Qb4 Rg8 41. h4 {[#]} a3 $1 42. h5 (42. Qxa3 b1=Q) 42... Nxh5 {Accuracy: White = 25%, Black = 57%.} 0-1

[Event "RUS Rapid GP Top 16 2018"]
[Site "Khanty-Mansiysk"]
[Date "2018.12.01"]
[Round "2"]
[White "Sjugirov, Sanan"]
[Black "Pridorozhni, Aleksei"]
[Result "1-0"]
[WhiteElo "2722"]
[BlackElo "2631"]
[Annotator "TA"]
[PlyCount "59"]
[EventDate "2018.12.01"]
[EventType "swiss"]
[EventCountry "RUS"]
[SourceTitle "playchess.com"]
[Source "ChessBase"]
[SourceQuality "1"]

{[%evp 20,59,55,45,46,47,35,0,56,55,61,53,65,62,61,53,89,85,76,90,183,183,190,178,264,262,314,332,475,352,485,482,458,446,549,534,629,574,1065,1215,29993,29994]} 1. e4 c5 2. Nf3 d6 3. d4 cxd4 4. Qxd4 Nc6 5. Bb5 Bd7 6. Qd3 Nf6 7. c4 {B53: Sicilian: 2...d6: Lines with Qxd4} g6 8. Nc3 Bg7 9. O-O O-O 10. h3 Ne8 11. Be3 {LiveBook: 4 Games} Nc7 12. Bxc6 Bxc6 $146 ({Predecessor:} 12... bxc6) 13. Bd4 Ne6 ({Black should play} 13... e5 $11 14. Be3 f5) 14. Bxg7 $14 Kxg7 15. b4 f6 16. Nd5 b6 17. Qe3 b5 18. cxb5 Bxb5 19. Rfc1 Ba4 (19... Qd7 $16 {was called for.}) 20. Nd4 $36 {[%mdl 2048] White is in control.} Nxd4 21. Qxd4 e5 {[#]} (21... Bd7 $142 22. Rc7 Rf7) 22. Qd3 $1 Rf7 23. b5 {[%cal Bb4b5,Bb5b6][%mdl 32]} Qa5 (23... Rb8 {was necessary.} 24. Rab1 a6) 24. Rab1 a6 {[%cal Ra4b5]} 25. b6 Bb5 26. Qb3 Rb8 27. Rc7 Be8 28. Rbc1 f5 29. exf5 gxf5 30. Qg3+ {Accuracy: White = 86%, Black = 15%.} 1-0

[Event "RUS Rapid GP Top 16 2018"]
[Site "Khanty-Mansiysk"]
[Date "2018.12.01"]
[Round "2"]
[White "Chigaev, Maksim"]
[Black "Kryakvin, Dmitry"]
[Result "1/2-1/2"]
[WhiteElo "2671"]
[BlackElo "2529"]
[Annotator "TA"]
[PlyCount "19"]
[EventDate "2018.12.01"]
[EventType "swiss"]
[EventCountry "RUS"]
[SourceTitle "playchess.com"]
[Source "ChessBase"]
[SourceQuality "1"]

{[%evp 15,16,6,26]} 1. e4 e5 2. Nf3 Nf6 3. Nxe5 d6 4. Nf3 Nxe4 5. Qe2 Qe7 6. d3 Nf6 7. Bg5 Qxe2+ 8. Bxe2 Nbd7 {LiveBook: 44 Games. C42: Petroff Defence: 3 Nxe5 and unusual White 3rd moves} (8... Be7 9. Nc3 c6 10. O-O-O h6 11. Bd2 Na6 12. Rde1 Nc7 13. Bd1 Bd7 14. h3 Ne6 15. Nh4 O-O-O 16. f4 Rhe8 17. Nf3 Bf8 18. g4 Nc7 {½-½ (42) Ponomariov,R (2681)-Bu,X (2712) Batumi 2018}) {Predecessor:} 9. Nc3 $146 h6 10. Be3 {½-½ (10) Nemeth,M (2477)-Galyas,M (2512) Biograd na Moru 2018} 1/2-1/2

[Event "RUS Rapid GP Top 16 2018"]
[Site "Khanty-Mansiysk"]
[Date "2018.12.01"]
[Round "2"]
[White "Yudin, Sergei"]
[Black "Maltsevskaya, Aleksandra"]
[Result "1-0"]
[WhiteElo "2643"]
[BlackElo "2247"]
[Annotator "TA"]
[PlyCount "42"]
[EventDate "2018.12.01"]
[EventType "swiss"]
[EventCountry "RUS"]
[SourceTitle "playchess.com"]
[Source "ChessBase"]
[SourceQuality "1"]

{[%evp 23,42,-12,-15,-44,-77,-47,-16,0,-6,-27,58,44,76,75,74,76,473,466,478,472,1586]} 1. e4 c5 2. Nf3 d6 3. c3 Nf6 4. h3 g6 5. Bd3 Bg7 6. O-O O-O 7. Bc2 Nc6 8. Re1 e5 9. d4 exd4 10. cxd4 cxd4 11. Nxd4 Nxd4 12. Qxd4 Be6 {LiveBook: 8 Games. B50: Sicilian: 2...d6, Miscellaneous} 13. Qb4 a5 $146 ({Predecessor:} 13... Qc7 14. Nc3 Nd7 15. Bf4 Ne5 16. Rac1 a5 17. Qb5 Bc4 18. Qa4 Rfb8 19. Bb1 b5 20. Qd1 {½-½ (39) Velickovic,S (2381)-Sablic,B (1938) Belgrade 2012}) 14. Qb5 Nd7 {Black is slightly better.} 15. Nc3 Ne5 16. Bb3 Bxb3 (16... a4 $11 17. Bd5 (17. Bxa4 Qh4 $15) 17... a3) 17. axb3 $14 Nc6 18. Rd1 ({Reject} 18. Qxb7 Nb4 $11) 18... Nd4 {[#]} 19. Qd5 $1 Rc8 $2 {[%mdl 8192]} (19... Qf6 $16 {is a better chance.}) 20. Rxd4 $18 Rc5 21. Qxc5 $1 g5 (21... dxc5 $142 22. Rxd8 Rxd8) 1-0

[Event "RUS Rapid GP Top 16 2018"]
[Site "Khanty-Mansiysk"]
[Date "2018.12.01"]
[Round "2"]
[White "Iljiushenok, Ilia"]
[Black "Sarana, Alexey"]
[Result "1-0"]
[WhiteElo "2607"]
[BlackElo "2617"]
[Annotator "TA"]
[PlyCount "101"]
[EventDate "2018.12.01"]
[EventType "swiss"]
[EventCountry "RUS"]
[SourceTitle "playchess.com"]
[Source "ChessBase"]
[SourceQuality "1"]

{[%evp 18,101,6,0,0,0,39,13,40,36,86,90,81,84,122,123,132,79,143,96,177,191,179,153,211,207,222,227,643,540,512,526,678,678,678,666,1206,1210,1183,1128,1247,886,853,845,788,779,947,939,1205,1032,1585,1502,1377,716,1482,1456,1846,894,1420,1004,1137,894,962,0,864,779,2102,1920,1645,1531,29965,29968,29975,29976,29981,29982,29982,29983,29983,29984,29985,29985,29985,29986,29986,29986]} 1. e4 c5 2. Nc3 d6 3. d4 cxd4 4. Qxd4 Nc6 5. Qd2 g6 6. b3 {B23: Closed Sicilian: Lines without g3} Bh6 7. f4 Nf6 (7... f5 8. Bb2 Nf6 9. Bd3 Qa5 10. exf5 Bxf5 11. Nge2 Bxd3 12. Qxd3 {1-0 (42) Nakamura,H (2769)-Grischuk,A (2766) Leuven 2018}) 8. Bb2 a5 9. O-O-O O-O 10. a4 {LiveBook: 8 Games} e5 11. g3 Qb6 $146 12. Kb1 Be6 13. Bh3 Rad8 14. Bxe6 fxe6 15. Qg2 exf4 16. Qh3 Bg7 17. gxf4 ({White should try} 17. Nf3) 17... e5 (17... Rde8 $142) 18. Nge2 Kh8 (18... Nb4 $16 {was necessary.}) 19. Rhg1 Ne7 20. Qe6 Nfg8 (20... Nc6 $16) 21. Nb5 $18 {[%cal Rb5d6]} Qe3 22. Rge1 ({Inferior is} 22. Nxd6 Qxe2 23. Bxe5 Nc6 $14) 22... exf4 $2 (22... Nc8 23. fxe5 dxe5) 23. Ned4 Qf2 24. Nxd6 f3 25. Nf7+ Rxf7 26. Qxf7 {White wants to mate with Ne6.} Rf8 {[#]} 27. Qxf8 $3 {[%mdl 512]} Bxf8 28. Rf1 Qg2 29. Nf5+ Nf6 30. Bxf6+ Kg8 31. Nxe7+ Bxe7 32. Bxe7 Kf7 33. Bc5 g5 34. Rf2 Qh3 35. e5 {[%cal Be4e5,Be5e6,Be6e7][%mdl 32]} Qf5 36. Rd6 Ke8 37. Bd4 g4 38. e6 Qf4 39. Rd7 Qf5 40. Rd6 $2 (40. Rxb7 $18 Qxe6 41. Rb5) 40... Ke7 $2 {[%mdl 8192] [#]} (40... Qf4 $11 41. Rd7 Qe4) 41. Rb6 $1 Qe4 42. Bc5+ Ke8 43. e7 Qe5 44. Rxb7 {White mates.} Qxc5 {[#]} 45. Rd2 $1 Qxe7 46. Rxe7+ Kxe7 {KR-KP} 47. Kc1 h5 48. Kd1 Ke6 49. Ke1 Ke5 50. Kf2 h4 51. Rd8 {Accuracy: White = 83%, Black = 12%.} 1-0